• 首页
  • 本馆介绍
  • 公告通知
  • 最新文献
  • 馆藏检索
  • 电子资源
  • 读者导购
  • 参考咨询
  • 我的图书馆
  • 登录
  • 详细信息显示
  • 放入我的书架
  • 预约/预借图书
  • 作者相关作品
  • 分类相关作品
  • 丛书相关作品
  • 出版社相关作品

书目信息

  • 表格格式
  • 工作单格式
  • 卡片格式
题名:
普通话与教师口语
    
 
作者: 徐根玉 , 王勤 主编
分册:  
出版信息: 武汉   华中师范大学出版社  2020.10
页数: 324页
开本: 26cm
丛书名: 职业院校学前教育专业系列教材
单 册:
中图分类: H102 , H193.2
科图分类:
主题词: 普通话--pu tong hua--职业大学--教材 , 教师--jiao shi--口语--职业大学--教材
电子资源:
ISBN: 978-7-5622-9144-2
000 01224oam2 2200301 450
001 2161431068
005 20211003083846.48
010    @a978-7-5622-9144-2@dCNY49.00
100    @a20210602d2020 em y0chiy50 ea
101 0  @achi
102    @aCN@b420000
105    @aa z 000yy
106    @ar
200 1  @a普通话与教师口语@Apu tong hua yu jiao shi kou yu@f徐根玉,王勤主编
205    @a2版
210    @a武汉@c华中师范大学出版社@d2020.10
215    @a324页@c图@d26cm
225 2  @a职业院校学前教育专业系列教材@Azhi ye yuan jiao xue qian jiao yu zhuan ye xi lie jiao cai
330    @a本书分普通话基础知识及训练、教师口语两编,内容包括:普通话语音知识、朗诵、普通话水平测前培训、一般性口语交际的基础训练、一般性口语的技能训练——有图文凭借的口语技能、一般性口语的技能训练——无图文凭借的口语技能、幼儿教师教学用语训练、幼儿教师教育用语训练、幼儿教师其他工作用语训练。
461  0 @12001 @a职业院校学前教育专业系列教材
606 0  @a普通话@Apu tong hua@x职业大学@j教材
606 0  @a教师@Ajiao shi@x口语@x职业大学@j教材
690    @aH102@v5
690    @aH193.2@v5
701  0 @a徐根玉@Axu gen yu@4主编
701  0 @a王勤@Awang qin@4主编
801  0 @aCN@b百万庄@c20210927
905    @b1302203-06@dH102@e189=2@f4
    
    普通话与教师口语/徐根玉,王勤主编.-2版.-武汉:华中师范大学出版社,2020.10
    324页:图;26cm.-(职业院校学前教育专业系列教材)
    
    
    ISBN 978-7-5622-9144-2:CNY49.00
    本书分普通话基础知识及训练、教师口语两编,内容包括:普通话语音知识、朗诵、普通话水平测前培训、一般性口语交际的基础训练、一般性口语的技能训练——有图文凭借的口语技能、一般性口语的技能训练——无图文凭借的口语技能、幼儿教师教学用语训练、幼儿教师教育用语训练、幼儿教师其他工作用语训练。
●
相关链接 在E读中查询图书 在五车中查询图书 在当当中查询图书 在豆瓣中查询图书


正题名:普通话与教师口语     索取号:H102/189=2         预约/预借

序号 登录号 条形码 馆藏地/架位号 状态 备注
1 1302203   213022030   第二样本阅览室/ [索取号:H102/189=2] 在馆    
2 1302204   213022049   第四借阅区/ [索取号:H102/189=2] 在馆    
3 1302205   213022058   第四借阅区/ [索取号:H102/189=2] 在馆    
4 1302206   213022067   第四借阅区/ [索取号:H102/189=2] 在馆    
唐山师范学院图书馆 欢迎您!
大连网信软件有限公司© 版权所有